| 000 | 00836nam a22002297a 4500 | ||
|---|---|---|---|
| 999 |
_c13536 _d13536 |
||
| 003 | AR-CdUCM | ||
| 008 | 190415b ||||| |||| 00| 0 spa d | ||
| 040 |
_aMUNICIPALIDAD PROVINCIAL DEL CUSCO _cBIBLIOTECA MUNICIPAL DEL CUSCO |
||
| 082 |
_a913.8561 / _bV21 |
||
| 100 |
_aValencia Zegarra, Alfredo. _918086 |
||
| 245 | _aExcavaciones y puesta en valor de Tambomachay / | ||
| 260 |
_aCuzco : _bInstituto Departamental de Cultura, _c1990. |
||
| 300 |
_a61 paginas ; _c28 cm. |
||
| 500 | _aDedicatoria | ||
| 505 | _aContenido : Las excavaciones arqueológicas de Tambomachay en 1974 -- La puesta en valor de Tambomachay 1975-77 | ||
| 650 |
_aComplejo aruqeologico _931994 |
||
| 650 |
_aTambomachay _931995 |
||
| 650 |
_aCusco _9772 |
||
| 700 |
_aGibaja Oviedo, Arminda. _929271 |
||
| 942 |
_2ddc _cLIBROS |
||
| 945 |
_awnts _d2019-04-15 |
||